♫ The Bare Necessities Lyrics - The Jungle Book (1967) ♫ - Statistics

General Stats
  • This quiz has been taken 382 times
  • The average score is 20 of 38
Answer Stats
Lyrical Line % Correct
Look for the {bare} necessities
100%
I mean the bare {necessities}
95%
That bring the bare necessities of {life}
94%
Forget about your {worries} and your strife
93%
The {simple} bare necessities
91%
Old {Mother} Nature's recipes
88%
The bare necessities of life will {come} to you
84%
To make some {honey} just for me
84%
The bees are {buzzin'} in the tree
78%
{Wherever} I wander, {wherever} I roam
77%
{They'll} come to you!
71%
Or a {prickly} pear
61%
Then {maybe} try a few
61%
And take a glance at the {fancy} ants
60%
But {you} don't need to use the claw
56%
Now when you pick a {paw}-{paw}
56%
Don't {pick} the prickly pear by the paw
54%
When you look under the rocks and {plants}
54%
When you pick a {pear}
53%
I couldn't be {fonder} of my big home
52%
With {just} the bare necessities of life
51%
Try to use the {claw}
50%
Have I given you a {clue}?
47%
That's why a bear can {rest} {at} {ease}
47%
Next time {beware}
45%
And you prick a {raw} paw
36%
When you pick a pear of the {big} paw-paw
32%
When you find out you can live {without} it
25%
So just try and {relax}, yeah cool it
22%
You're {working} too hard
22%
And don't spend your time lookin' {around}
21%
For something you {want} that can't be found
21%
'Cause let me tell you {something} little britches
18%
Fall apart in my {backyard}
17%
I'll tell you something {true}
17%
If you act like that {bee} acts, uh uh
15%
And go {along} not thinkin' about it
13%
Oh, man, this is really {living}
9%
No matching quizzes found
Score Distribution
Percent of People with Each Score
Percentile by Number Answered
Your Score History
You have not taken this quiz